000
00316nam a22001337a 4500
008
170616b xxu||||| |||| 00| 0 eng d
020
_a
9789280811100
041
_a
eng
080
_a
327
100
_a
20
101
_a
SHP
245
_a
INTERNATIONAL COMMISSIONS AND THE POWER OF IDEAS
_c
THAKUR,R
942
_2
udc
_c
BK
999
_c
17811
_d
17811